Statistics for World Capitals Containing L (with a map)

Click here to take the quiz!

General Stats

  • This quiz has been taken 1,467 times
  • The average score is 186 of 196

Answers on the Map

Answers color-coded by a green-red scale on the quiz's map according to % correct below.
 

Answer Stats

capital% Correct
Abu Dhabi
100%
Abuja
100%
Accra
100%
Addis Ababa
100%
Amman
100%
Amsterdam
100%
Ankara
100%
Antananarivo
100%
Apia
100%
Ashgabat
100%
Asmara
100%
Astana
100%
Asunción
100%
Athens
100%
Baghdad
100%
Baku
100%
Bamako
100%
Bandar Seri
Begawan
100%
Bangkok
100%
Bangui
100%
Basseterre
100%
Beijing
100%
Beirut
100%
Bern
100%
Bishkek
100%
Bissau
100%
Bogotá
100%
Bridgetown
100%
Bucharest
100%
Budapest
100%
Buenos Aires
100%
Bujumbura
100%
Cairo
100%
Canberra
100%
Caracas
100%
Castries
100%
Chișinău
100%
Conakry
100%
Copenhagen
100%
Dakar
100%
Damascus
100%
Dhaka
100%
Djibouti
100%
Dodoma
100%
Doha
100%
Dushanbe
100%
Freetown
100%
Funafuti
100%
Gaborone
100%
Georgetown
100%
Hanoi
100%
Harare
100%
Havana
100%
Honiara
100%
Jakarta
100%
Juba
100%
Kathmandu
100%
Khartoum
100%
Kiev
100%
Kingston
100%
Kingstown
100%
Kuwait City
100%
Madrid
100%
Majuro
100%
Managua
100%
Manama
100%
Maputo
100%
Maseru
100%
Mbabane
100%
Mexico City
100%
Minsk
100%
Mogadishu
100%
Monaco
100%
Monrovia
100%
Montevideo
100%
Moroni
100%
Moscow
100%
Muscat
100%
Nairobi
100%
Nassau
100%
Naypyidaw
100%
N'Djamena
100%
Niamey
100%
Nicosia
100%
Nouakchott
100%
Ottawa
100%
Ouagadougou
100%
Panama City
100%
Paramaribo
100%
Paris
100%
Phnom Penh
100%
Podgorica
100%
Port-au-Prince
100%
Port Moresby
100%
Port-of-Spain
100%
Porto-Novo
100%
Prague
100%
Praia
100%
Pristina
100%
Pyongyang
100%
Quito
100%
Rabat
100%
Reykjavik
100%
Riga
100%
Riyadh
100%
Rome
100%
Roseau
100%
Saint George's
100%
Saint John's
100%
Sana'a
100%
San Jose
100%
San Marino
100%
Santiago
100%
Santo Domingo
100%
Sao Tome
100%
Sarajevo
100%
Singapore
100%
Skopje
100%
Sofia
100%
Suva
100%
Taipei
100%
Tarawa
100%
Tashkent
100%
Tehran
100%
Thimphu
100%
Tirana
100%
Tokyo
100%
Tunis
100%
Vaduz
100%
Vatican City
100%
Victoria
100%
Vienna
100%
Vientiane
100%
Warsaw
100%
Washington
100%
Windhoek
100%
Yamoussoukro
100%
Yaoundé
100%
Yaren
100%
Yerevan
100%
Zagreb
100%
London
96%
Lima
94%
Lisbon
94%
Brasília
93%
Helsinki
92%
Oslo
92%
Dublin
91%
Wellington
91%
Berlin
89%
Stockholm
89%
Vilnius
88%
Brussels
87%
Luxembourg
87%
La Paz
86%
Luanda
86%
San Salvador
86%
Tallinn
86%
Algiers
85%
Bratislava
85%
New Delhi
85%
Andorra la Vella
84%
Seoul
84%
Ulaanbaatar
84%
Valletta
84%
Lusaka
83%
Guatemala City
82%
Jerusalem
82%
Kinshasa
82%
Lilongwe
82%
Belmopan
81%
Libreville
81%
Ljubljana
81%
Malé
81%
Brazzaville
80%
Port Louis
80%
Tripoli
80%
Belgrade
79%
Islamabad
79%
Kuala Lumpur
79%
Lomé
79%
Tegucigalpa
79%
Manila
78%
Kampala
77%
Kigali
76%
Dili
75%
Kabul
75%
Bloemfontein
74%
Tbilisi
72%
Port Vila
70%
Palikir
68%
Malabo
66%
Ngerulmud
65%
Banjul
63%
Nuku'alofa
60%
Colombo
51%

Score Distribution

Percentile by Number Answered

Percent of People with Each Score

Your Score History

You have not taken this quiz